| 000 | 00887cam a2200181 4500 | ||
|---|---|---|---|
| 001 | X118475 | ||
| 008 | 020620n2002 000 0 eng u | ||
| 035 | _a(Sirsi) u118475 | ||
| 100 | _aDye, C | ||
| 245 | 2 | _aA tale of ten cities | |
| 260 | _c2002 | ||
| 490 |
_aNew Law Journal _v Expert Witness Supplement February 2002, 258-259(2) |
||
| 520 | _aOffers practical suggestions for lawyers dealing with expert witnesses in complex multi-party actions. Stresses importance of knowing what each particular claimant or defendant requires from their experts, and finding the right expert for them. Ideas given as to how to deal with experts in different time zones, and experts who do not speak English. Outlines five points to remember when dealing with multiple experts. | ||
| 650 | _aEXPERT WITNESSES | ||
| 650 | _aEXPERT EVIDENCE | ||
| 690 |
_aDispute resolution _96236 |
||
| 942 | _n0 | ||
| 999 |
_c70530 _d70530 |
||